| 000 | 00444cam a2200181 4500 | ||
|---|---|---|---|
| 005 | 20250901165338.0 | ||
| 008 | 710921s1971 nyu 000 1 eng | ||
| 010 | _a 71159831 | ||
| 020 | _a0394472497 | ||
| 050 | 0 | 0 |
_aPZ4.G775 .G73 1971 _bCo |
| 082 | 0 | 0 | _a813/.5/4 |
| 100 | 1 | _aGrau, Shirley Ann. | |
| 245 | 1 | 4 | _aThe condor passes. |
| 250 | _a[1st ed.] | ||
| 260 |
_aNew York, _bKnopf, _c1971. |
||
| 300 |
_a421 p. _c22 cm. |
||
| 942 | _2ddc | ||
| 999 |
_c2488 _d2488 |
||